• 首页
  • 本馆介绍
  • 公告通知
  • 最新文献
  • 馆藏检索
  • 电子资源
  • 读者导购
  • 参考咨询
  • 我的图书馆
  • 登录
  • 详细信息显示
  • 放入我的书架
  • 预约/预借图书
  • 作者相关作品
  • 分类相关作品
  • 丛书相关作品
  • 出版社相关作品

书目信息

  • 表格格式
  • 工作单格式
  • 卡片格式
题名:
无处不在
    
 
作者: 邹达 , 邹雷 著
分册:   博物馆陈列
出版信息: 大连   大连理工大学出版社  2015
页数: 100页
开本: 21cm
丛书名:
单 册:
中图分类: J331 , J337
科图分类:
主题词: 雕塑--作品集--世界 , 肖像雕塑--作品集--世界
电子资源:
ISBN: 978-7-5611-9404-1
000 00786nam0 2200265 450
001 0103433401
005 20150624160001.0
010    @a978-7-5611-9404-1@b精装@dCNY49.50
100    @a20150310d2015 em y0chiy0120 ea
101 0  @achi
102    @aCN@b210000
105    @aa z 000yy
106    @ar
200 1  @a无处不在@9Wu;Mo Chu Bu Zai @e别册@i博物馆陈列@iMuseum exhibition@f邹达,邹雷著@b专著@dEverywhere@zeng
210    @a大连@c大连理工大学出版社@d2015
215    @a100页@d21cm
510 1  @aEverywhere@iMuseum exhibition@zeng
606 0  @a雕塑@x作品集@y世界
606 0  @a肖像雕塑@x作品集@y世界
690    @aJ331@v5
690    @aJ337@v5
701  0 @a邹达@4著@9zou da
701  0 @a邹雷@4著@9zou lei
801  0 @aCN@bAZmarc@c20230907
905    @aBZT@dJ331@e5@f5@sJ331/5
    
    无处不在:别册.博物馆陈列.Museum exhibition/邹达,邹雷著=Everywhere.-大连:大连理工大学出版社,2015
    100页;21cm
    
    
    ISBN 978-7-5611-9404-1(精装):CNY49.50
    
●
相关链接 在五车中查询图书 在当当中查询图书 在豆瓣中查询图书


正题名:无处不在     索取号:J331/5         预约/预借

序号 登录号 条形码 馆藏地/架位号 状态 备注
1 2000011515   2000011515   旧书回溯/ [索取号:J331/5] 在馆    
2 2000011516   2000011516   旧书回溯/ [索取号:J331/5] 在馆    
3 2000011517   2000011517   旧书回溯/ [索取号:J331/5] 在馆    
4 2000011518   2000011518   旧书回溯/ [索取号:J331/5] 在馆    
5 2000011519   2000011519   旧书回溯/ [索取号:J331/5] 在馆    
山东省滨州职业学院图书馆 欢迎您!
大连网信软件有限公司© 版权所有